[Event "I Open"]
[Site "Senigallia ITA"]
[Date "1996.05.21"]
[Round "3"]
[White "Fucito, Giovanni"]
[Black "Letter, Giovanni"]
[Result "0-1"]
[WhiteElo "1512"]
[BlackElo "1600"]
[PlyCount "68"]
[EventDate "1996.05.19"]

1.e4 b6 2.d4 Bb7 3.Bd3 e6 4.a3 g6 5.Nf3 Bg7 6.c3 Ne7 7.O-O d6 8.Bg5 Nd7 9.
Re1 f6 10.Be3 g5 11.Bxg5 fxg5 12.Nxg5 Nf8 13.Qf3 Rg8 14.Qf7+ Kd7 15.d5 e5 
16.Re3 Qe8 17.Rf3 Qxf7 18.Rxf7 h6 19.Bb5+ Kd8 20.Ne6+ Nxe6 21.dxe6 Bxe4 
22.Nd2 Bg6 23.Rf3 h5 24.Rd1 Bf5 25.Bd7 Bg4 26.Ne4 Nf5 27.Rxf5 Bxf5 28.Nxd6
cxd6 29.Rxd6 Ke7 30.Rc6 Rad8 31.Rc7 Bxe6 32.Bb5+ Kf6 33.Rxa7 Rd1+ 34.Bf1 
Bc4 0-1

[Event "I Open"]
[Site "Senigallia ITA"]
[Date "1996.05.21"]
[Round "3"]
[White "Luciani, Valerio"]
[Black "Sebastianelli, Dario"]
[Result "0-1"]
[WhiteElo "2155"]
[BlackElo "1768"]
[PlyCount "54"]
[EventDate "1996.05.19"]

1.d4 Nf6 2.c4 e5 3.dxe5 Ne4 4.a3 Nc6 5.Nf3 d6 6.Qd5 Nc5 7.Bg5 f6 8.exf6 
gxf6 9.Bh6 Be6 10.Qh5+ Bf7 11.Qh4 Nb3 12.Ra2 Bxh6 13.Qxh6 Bxc4 14.e3 Bf7 
15.Nc3 Qe7 16.Bb5 a6 17.Ba4 Nc5 18.Bxc6+ bxc6 19.Ra1 Nd3+ 20.Kf1 Nxb2 21.
Nd4 Kd7 22.Qh4 c5 23.Qg4+ Be6 24.Nxe6 Qxe6 25.Nd5 Qxg4 26.Nxf6+ Ke6 27.
Nxg4 h5 0-1

[Event "I Open"]
[Site "Senigallia ITA"]
[Date "1996.05.21"]
[Round "3"]
[White "Miatello, Alberto"]
[Black "Stantic, Severino"]
[Result "0-1"]
[WhiteElo "1794"]
[BlackElo "2030"]
[PlyCount "62"]
[EventDate "1996.05.19"]

1.e4 c5 2.Nf3 d6 3.d4 cxd4 4.Nxd4 Nf6 5.Nc3 g6 6.Be3 Bg7 7.f3 Nc6 8.Qd2 
O-O 9.g4 Bd7 10.g5 Nh5 11.O-O-O Qa5 12.Kb1 Nxd4 13.Bxd4 Bxd4 14.Qxd4 Qxg5 
15.e5 Bc6 16.exd6 exd6 17.Na4 Qf4 18.Be2 d5 19.Nc3 Rfe8 20.Rd2 Re3 21.Bd1 
Qxd4 22.Rxd4 Rd8 23.Rg1 Ng7 24.Ne4 Ne6 25.Nf6+ Kg7 26.Ng4 Rxf3 27.Rd2 Rf4 
28.h4 f5 29.Ne3 d4 30.Nf1 Rxh4 31.Ng3 Kf6 0-1

[Event "I Open"]
[Site "Senigallia ITA"]
[Date "1996.05.21"]
[Round "3"]
[White "Miele, Rosario"]
[Black "Giacometti, Franco"]
[Result "0-1"]
[WhiteElo "1585"]
[BlackElo "1953"]
[PlyCount "76"]
[EventDate "1996.05.19"]

1.e4 c5 2.Nf3 d6 3.d4 Nf6 4.Nc3 cxd4 5.Nxd4 g6 6.Be3 Bg7 7.Bc4 O-O 8.f3 
Nc6 9.Qd2 Bd7 10.Nxc6 bxc6 11.Bh6 Bxh6 12.Qxh6 Qb6 13.Bb3 c5 14.Qe3 a5 15.
O-O a4 16.Bd5 Rab8 17.b3 Rfe8 18.Rfb1 e6 19.bxa4 Qa6 20.Qg5 Kg7 21.Rxb8 
Rxb8 22.Bb3 h6 23.Qe3 c4 24.Qe2 Qb6+ 25.Kh1 cxb3 26.axb3 Qd4 27.Qe1 Rc8 
28.Ne2 Qb2 29.Rb1 Qxc2 30.a5 Qa2 31.b4 Rc2 32.Ng3 Rxg2 33.Nf1 Re2 34.Qd1 
Ba4 35.Qc1 Rc2 36.Qe1 Bb5 37.Ra1 Qb3 38.a6 Qxf3+ 0-1

[Event "I Open"]
[Site "Senigallia ITA"]
[Date "1996.05.21"]
[Round "3"]
[White "Mircoli, Filippo"]
[Black "Barbieri, Giovanni"]
[Result "0-1"]
[WhiteElo "1600"]
[BlackElo "2155"]
[PlyCount "94"]
[EventDate "1996.05.19"]

1.e4 e5 2.Nf3 Nc6 3.Bb5 a6 4.Ba4 Nf6 5.O-O b5 6.Bb3 Be7 7.Re1 d6 8.h3 Na5 
9.c3 Nxb3 10.Qxb3 O-O 11.d4 Bb7 12.d5 c6 13.c4 Nd7 14.cxb5 cxd5 15.exd5 
Nc5 16.Qc4 axb5 17.Qxb5 Ba6 18.Qb4 Nd3 19.Qg4 f5 20.Qh5 Nxe1 21.Nxe1 Qd7 
22.Nc3 Bf6 23.Nf3 Rab8 24.Ng5 Bxg5 25.Qxg5 Rfc8 26.Qg3 Rb4 27.b3 f4 28.Qf3
Qf5 29.g4 Qc2 30.Na4 Be2 31.Qg2 Qd1+ 32.Kh2 Rxc1 33.Nc3 Qc2 34.Rxc1 Qxc1 
35.Nxe2 Qd2 36.Qf3 Qxa2 37.Qc3 Rb8 38.Qc7 Qxb3 39.Qxd6 Qb6 40.Qxb6 Rxb6 
41.Kg2 Rb3 42.Ng1 e4 43.f3 e3 44.Ne2 Rb2 45.Kf1 Rxe2 46.Kxe2 g5 47.h4 gxh4
0-1

[Event "I Open"]
[Site "Senigallia ITA"]
[Date "1996.05.21"]
[Round "3"]
[White "Nagni, Marco"]
[Black "Antoniacci, Riccardo"]
[Result "1/2-1/2"]
[WhiteElo "1606"]
[BlackElo "1525"]
[PlyCount "76"]
[EventDate "1996.05.19"]

1.d4 d5 2.c4 e6 3.Nc3 Nf6 4.cxd5 exd5 5.Bg5 Be7 6.e3 h6 7.Bh4 Bf5 8.Bd3 
Bxd3 9.Qxd3 O-O 10.Nf3 c6 11.O-O Nbd7 12.Rac1 Re8 13.Rfe1 Nf8 14.Ne5 g5 
15.Bg3 Nh5 16.Qf5 Bf6 17.Ng4 Bg7 18.Qf3 Nxg3 19.hxg3 Ng6 20.Rcd1 h5 21.Nh2
h4 22.gxh4 Nxh4 23.Qh5 Re6 24.Nf3 Rh6 25.Qg4 f5 26.Qg3 Nxf3+ 27.Qxf3 g4 
28.Qxf5 Qh4 29.Kf1 Rf8 30.Qc2 g3 31.f3 Qh1+ 32.Ke2 Qxg2+ 33.Kd3 Qxc2+ 34.
Kxc2 Kf7 35.Rg1 Rh2+ 36.Rd2 Rh3 37.Rdg2 Rh2 38.Kd3 Bf6 1/2-1/2

[Event "I Open"]
[Site "Senigallia ITA"]
[Date "1996.05.21"]
[Round "3"]
[White "Palmizi, Alessandro"]
[Black "Lagrotteria, Salvatore"]
[Result "0-1"]
[WhiteElo "1600"]
[BlackElo "2150"]
[PlyCount "84"]
[EventDate "1996.05.19"]

1.e4 c5 2.d4 cxd4 3.c3 dxc3 4.Nxc3 e6 5.Nf3 a6 6.Be3 d6 7.Bd3 Nf6 8.h3 Nc6
9.a3 Be7 10.Rc1 Nd7 11.b4 Nce5 12.Nxe5 Nxe5 13.Be2 b5 14.O-O Bb7 15.Nxb5 
axb5 16.Bxb5+ Nd7 17.Qd3 O-O 18.a4 d5 19.Qd2 Nf6 20.e5 Ne4 21.Qb2 Ba6 22.
Bxa6 Rxa6 23.Ra1 Qb8 24.Rfb1 f6 25.f3 Ng5 26.h4 Nf7 27.b5 Ra8 28.a5 Nxe5 
29.a6 Nc4 30.Qf2 e5 31.Bc5 Bxc5 32.Qxc5 Qb6 33.Qxb6 Nxb6 34.a7 Rf7 35.Ra6 
Rb7 36.Kf2 Raxa7 37.Rba1 Nc8 38.Rxa7 Nxa7 39.b6 Nc6 40.Ra8+ Kf7 41.Ra6 Ke7
42.g4 Kd6 0-1

[Event "I Open"]
[Site "Senigallia ITA"]
[Date "1996.05.21"]
[Round "3"]
[White "Pantaleoni, Leone"]
[Black "Tortarolo, Massimiliano"]
[Result "0-1"]
[WhiteElo "1714"]
[BlackElo "2235"]
[PlyCount "52"]
[EventDate "1996.05.19"]

1.e4 c6 2.d4 d5 3.Nd2 dxe4 4.Nxe4 Bf5 5.Ng3 Bg6 6.Nf3 Nd7 7.Bd3 e6 8.Bxg6 
hxg6 9.Ne4 Qc7 10.Qe2 Ngf6 11.Nfg5 Nxe4 12.Qxe4 Rxh2 13.Rxh2 Qxh2 14.Nxe6 
fxe6 15.Qxe6+ Kd8 16.Bg5+ Kc7 17.O-O-O Bd6 18.d5 c5 19.Bd2 Rf8 20.b4 Qe5 
21.Kb1 Qxe6 22.dxe6 Nf6 23.bxc5 Bxc5 24.Bf4+ Kc6 25.Be5 Re8 26.Bxf6 gxf6 
0-1

[Event "I Open"]
[Site "Senigallia ITA"]
[Date "1996.05.21"]
[Round "3"]
[White "Perini, Gianna"]
[Black "Diena, Giovanni"]
[Result "0-1"]
[WhiteElo "1537"]
[BlackElo "1771"]
[PlyCount "58"]
[EventDate "1996.05.19"]

1.d4 Nf6 2.c4 e6 3.Nc3 Bb4 4.Bd2 c5 5.a3 Bxc3 6.bxc3 Nc6 7.e3 d5 8.Nf3 Qc7
9.Be2 O-O 10.O-O dxc4 11.Qc2 Na5 12.Ne5 Nb3 13.Ra2 b5 14.Be1 Bb7 15.f3 Nd5
16.Bf2 cxd4 17.cxd4 f6 18.Ng4 h5 19.Bg3 Qd7 20.e4 Nxd4 21.Qc1 hxg4 22.exd5
gxf3 23.Bxf3 Bxd5 24.Qd1 Bxf3 25.gxf3 e5 26.Bf2 Rfd8 27.Kh1 Qh3 28.Bg3 Nf5
29.Qe1 Nxg3+ 0-1

[Event "I Open"]
[Site "Senigallia ITA"]
[Date "1996.05.21"]
[Round "3"]
[White "Pierbattisti, Giorgio"]
[Black "Amaranto, Luca"]
[Result "1-0"]
[WhiteElo "1654"]
[BlackElo "1813"]
[PlyCount "97"]
[EventDate "1996.05.19"]

1.d4 d5 2.c4 c6 3.Nf3 Nf6 4.Nc3 dxc4 5.a4 Bf5 6.e3 e6 7.Bxc4 Bb4 8.O-O O-O
9.Qe2 Nbd7 10.Rd1 Ne4 11.Nxe4 Bxe4 12.Ne1 Qe7 13.f3 Bg6 14.e4 e5 15.Nc2 
exd4 16.Nxb4 Qxb4 17.Rxd4 Qe7 18.Be3 Nb6 19.Bb3 Rad8 20.Rad1 Kh8 21.Qd2 
Rxd4 22.Qxd4 f6 23.a5 Nc8 24.Qc5 Re8 25.Qxe7 Rxe7 26.Bc5 Re8 27.Rd7 b6 28.
axb6 axb6 29.Be3 f5 30.Bd4 Re7 31.Rxe7 Nxe7 32.exf5 Bxf5 33.Bxb6 Nd5 34.
Bc5 Kg8 35.Bc4 Kf7 36.Kf2 h5 37.Kg3 Ke6 38.Kh4 g6 39.g4 hxg4 40.fxg4 Be4 
41.Kg5 Ke5 42.h4 Nc7 43.Kh6 Ne6 44.Be3 Bc2 45.Bxe6 Kxe6 46.Kg7 Bd1 47.Kxg6
Bxg4 48.h5 Bf5+ 49.Kg7 1-0

[Event "I Open"]
[Site "Senigallia ITA"]
[Date "1996.05.21"]
[Round "3"]
[White "Rago, Riccardo"]
[Black "Pizzi, Mario"]
[Result "1-0"]
[WhiteElo "2230"]
[BlackElo "1800"]
[PlyCount "82"]
[EventDate "1996.05.19"]

1.e4 e5 2.Nf3 d6 3.d4 exd4 4.Nxd4 Nf6 5.Nc3 Be7 6.Be2 O-O 7.O-O a6 8.a4 
Nbd7 9.f4 Kh8 10.Kh1 Ng8 11.Be3 Bf6 12.Qd2 g6 13.Nd5 Bg7 14.f5 Ne5 15.Rae1
c6 16.Nc3 b5 17.Nb3 b4 18.Nd1 a5 19.fxg6 fxg6 20.Bg5 Qc7 21.Rxf8 Bxf8 22.
Ne3 Be6 23.Nd4 Bf7 24.Rf1 Bg7 25.b3 h6 26.Bf4 Kh7 27.Bxe5 Bxe5 28.Nxc6 Bc3
29.Qd3 Be6 30.Nd4 Re8 31.Nxe6 Rxe6 32.Nd5 Qg7 33.Bg4 Re5 34.h3 h5 35.Bf3 
Ne7 36.Nxc3 bxc3 37.Qxc3 Rc5 38.Qd3 Qe5 39.Rd1 Nc8 40.c4 Kg7 41.Kg1 Kf7 
1-0

[Event "I Open"]
[Site "Senigallia ITA"]
[Date "1996.05.21"]
[Round "3"]
[White "Rotondi, Paolo"]
[Black "Brumat, Giorgio"]
[Result "0-1"]
[WhiteElo "1591"]
[BlackElo "1828"]
[PlyCount "83"]
[EventDate "1996.05.19"]

1.c4 e5 2.Nc3 Nc6 3.g3 Nf6 4.Bg2 Bc5 5.e3 d6 6.Nge2 Bg4 7.O-O Qd7 8.a3 a6 
9.Re1 O-O 10.b4 Ba7 11.Bb2 Nd8 12.d4 exd4 13.exd4 Qf5 14.Qd2 Bf3 15.Nf4 
Bxg2 16.Kxg2 Ne6 17.Ncd5 Nxf4+ 18.Qxf4 Qxf4 19.Nxf4 Rfe8 20.c5 d5 21.f3 c6
22.Nd3 Nd7 23.Ne5 Nxe5 24.dxe5 Re7 25.Bd4 Rae8 26.Kf2 Bb8 27.f4 g6 28.h4 
Bc7 29.Rh1 h5 30.Rhe1 f6 31.exf6 Rxe1 32.Rxe1 Rxe1 33.Kxe1 Kf7 34.Kd2 Bd8 
35.Kd3 Bxf6 36.Be5 Ke6 37.Kd4 Bxe5+ 38.fxe5 Kf5 39.a4 Ke6 40.b5 axb5 41.
axb5 Kf5 42.bxc6 0-1

[Event "I Open"]
[Site "Senigallia ITA"]
[Date "1996.05.21"]
[Round "3"]
[White "Skembris, Spyridon"]
[Black "Nurkic, Sahbaz"]
[Result "1-0"]
[WhiteElo "2505"]
[BlackElo "2365"]
[PlyCount "67"]
[EventDate "1996.05.19"]

1.d4 g6 2.e4 Bg7 3.Nf3 d5 4.exd5 Qxd5 5.Nc3 Qd8 6.Bc4 Nf6 7.O-O O-O 8.h3 
Nbd7 9.Re1 Nb6 10.Bb3 c6 11.Qe2 a5 12.a4 e6 13.Bg5 Qc7 14.Rad1 Nbd5 15.Ne4
Nxe4 16.Qxe4 h6 17.Bd2 b5 18.Ne5 Bb7 19.Qh4 Qd8 20.Qg3 Qd6 21.c3 Rac8 22.
Qh4 Qd8 23.Qg4 bxa4 24.Bxa4 c5 25.dxc5 Rxc5 26.Qg3 Qe7 27.Nd7 Rfc8 28.Nxc5
Rxc5 29.Bc1 Kh7 30.Bc2 Nf6 31.Qd6 Qxd6 32.Rxd6 Bd5 33.Be3 Rb5 34.Rb6 1-0

[Event "I Open"]
[Site "Senigallia ITA"]
[Date "1996.05.21"]
[Round "3"]
[White "Travaglini, Alberto"]
[Black "Trovato, Alessio"]
[Result "0-1"]
[WhiteElo "2123"]
[BlackElo "1633"]
[PlyCount "92"]
[EventDate "1996.05.19"]

1.d4 Nf6 2.Nf3 d5 3.Bf4 e6 4.e3 c5 5.c3 Be7 6.Nbd2 b6 7.Bd3 O-O 8.Ne5 Bb7 
9.Qf3 Nbd7 10.Qh3 g6 11.Rd1 Nxe5 12.dxe5 Nh5 13.Bh6 Ng7 14.Nf3 Qc7 15.Qg4 
Rfd8 16.h4 d4 17.exd4 Bxf3 18.Qxf3 cxd4 19.Be4 Rac8 20.cxd4 Bb4+ 21.Ke2 
Qc4+ 22.Qd3 Qxa2 23.Bc1 Bc3 24.Qb5 Bxd4 25.Bg5 Rc5 26.Qb4 Rc4 27.Qb5 a6 
28.Bb1 axb5 29.Bxa2 Rc2+ 30.Rd2 Rxd2+ 31.Kxd2 Rd7 32.Ke2 Bxe5 33.Rc1 Rc7 
34.Rd1 Nf5 35.f4 Bxb2 36.g4 Nd4+ 37.Kf1 Kg7 38.Bd8 Rc1 39.Rxc1 Bxc1 40.g5 
Nf5 41.Bf6+ Kf8 42.Be5 Nxh4 43.Ke2 Nf5 44.Bb1 h6 45.Bxf5 exf5 46.gxh6 Kg8 
0-1

[Event "I Open"]
[Site "Senigallia ITA"]
[Date "1996.05.21"]
[Round "3"]
[White "Vujovic, Milorad"]
[Black "Ortega, Lexy"]
[Result "0-1"]
[WhiteElo "2345"]
[BlackElo "2490"]
[PlyCount "80"]
[EventDate "1996.05.19"]

1.c4 e6 2.d4 d5 3.Nc3 c6 4.e3 Nf6 5.Nf3 Nbd7 6.Bd3 dxc4 7.Bxc4 b5 8.Bd3 a6
9.a4 b4 10.Ne4 Bb7 11.b3 c5 12.Ng3 Bd6 13.Bb2 cxd4 14.exd4 O-O 15.O-O Rc8 
16.Qe2 Nd5 17.Rfc1 Nf4 18.Qd1 Rxc1 19.Bxc1 Nxd3 20.Qxd3 Qa5 21.Bb2 Qd5 22.
Ne1 h5 23.Nf1 Nf6 24.Ne3 Qg5 25.Nc4 Bb8 26.Nf3 Qd5 27.Re1 Ng4 28.h3 Nh2 
29.Re3 Nxf3+ 30.gxf3 Qg5+ 31.Kf1 Bf4 32.Re1 Rd8 33.Qe2 Qh4 34.Kg2 Rd5 35.
Rh1 Rf5 36.Qd3 Bh6 37.Ne5 f6 38.Qc4 fxe5 39.Qxe6+ Rf7 40.d5 Qf4 0-1

[Event "I Open"]
[Site "Senigallia ITA"]
[Date "1996.05.21"]
[Round "3"]
[White "Zappi, Adriano"]
[Black "Briffault, Philippe"]
[Result "0-1"]
[WhiteElo "1570"]
[BlackElo "1678"]
[PlyCount "104"]
[EventDate "1996.05.19"]

1.Nf3 Nf6 2.g3 g6 3.Bg2 Bg7 4.O-O O-O 5.d4 d6 6.c4 Nc6 7.Nc3 Na5 8.b3 c5 
9.Bb2 Bf5 10.Qd2 Rb8 11.Rfe1 a6 12.e4 Bd7 13.Rad1 cxd4 14.Nxd4 Ng4 15.Nde2
Nc6 16.Nd5 Bh6 17.Qc2 f5 18.h3 Nge5 19.Nd4 Nxd4 20.Bxd4 e6 21.Be3 Bxe3 22.
Nxe3 f4 23.Nf1 fxg3 24.fxg3 Nf3+ 25.Bxf3 Rxf3 26.Rxd6 Qa5 27.Red1 Qc5+ 28.
Kg2 Rbf8 29.R6d2 Bc6 30.Re2 Qe5 31.Rde1 Qf6 32.Nh2 Rc3 33.Qd2 Rd8 34.Qf4 
Qxf4 35.gxf4 Rdd3 36.h4 Rh3 37.Nf1 Rxh4 38.Re3 Rxe3 39.Rxe3 Rxf4 40.Nd2 
Kg7 41.Kg3 e5 42.c5 Kf6 43.Rf3 g5 44.b4 h5 45.Rd3 h4+ 46.Kh3 Bxe4 47.Nxe4+
Rxe4 48.a3 Rd4 49.Rf3+ Kg6 50.Re3 e4 51.Kg4 Rd3 52.Rxe4 Rg3# 0-1

[Event "I Open"]
[Site "Senigallia ITA"]
[Date "1996.05.21"]
[Round "4"]
[White "Antoniacci, Riccardo"]
[Black "Rotondi, Paolo"]
[Result "1/2-1/2"]
[WhiteElo "1525"]
[BlackElo "1591"]
[PlyCount "77"]
[EventDate "1996.05.19"]

1.e4 c6 2.Nc3 d5 3.Nf3 dxe4 4.Nxe4 Bg4 5.Bc4 e6 6.O-O Nf6 7.Ng3 Bd6 8.h3 
Bxf3 9.Qxf3 Qc7 10.d4 Nbd7 11.c3 h5 12.Re1 O-O-O 13.Bg5 Rdg8 14.b4 h4 15.
Ne2 Rh5 16.Qe3 Nd5 17.Bxd5 exd5 18.Bf4 g5 19.Qf3 Rh7 20.Bxd6 Qxd6 21.Qf5 
Rhg7 22.f3 Qg6 23.Qxg6 Rxg6 24.Nc1 Kd8 25.Nd3 f5 26.Re2 g4 27.fxg4 fxg4 
28.Nf4 Rf6 29.Ne6+ Kc8 30.Kh2 g3+ 31.Kg1 Rgg6 32.Rae1 b6 33.Re3 Nf8 34.
Nxf8 Rxf8 35.Rf1 Rxf1+ 36.Kxf1 Rf6+ 37.Ke1 Kd7 38.Kd2 b5 39.Re2 1/2-1/2

[Event "I Open"]
[Site "Senigallia ITA"]
[Date "1996.05.21"]
[Round "4"]
[White "Barbieri, Giovanni"]
[Black "Briffault, Philippe"]
[Result "0-1"]
[WhiteElo "2155"]
[BlackElo "1678"]
[PlyCount "78"]
[EventDate "1996.05.19"]

1.e4 Nf6 2.e5 Nd5 3.Nc3 Nxc3 4.bxc3 d6 5.f4 dxe5 6.fxe5 Qd5 7.d4 Bf5 8.Qe2
Qe4 9.Qxe4 Bxe4 10.Kd1 c5 11.Nf3 Nc6 12.Ng5 Bf5 13.Bb5 e6 14.Rf1 Bg6 15.
Be3 Be7 16.Kd2 h6 17.Bxc6+ bxc6 18.Nf3 O-O 19.Rab1 Rab8 20.dxc5 Rfd8+ 21.
Bd4 Rxb1 22.Rxb1 Bxc5 23.Rb7 Bb6 24.Ke2 c5 25.Bf2 Be4 26.Rxb6 axb6 27.Nd2 
Bxc2 28.Be3 Bd3+ 29.Kf2 Ra8 30.Bf4 g5 31.Bg3 Rxa2 32.Ke3 Bb5 33.h4 Bc6 34.
hxg5 hxg5 35.Nc4 Rxg2 36.Bf2 b5 37.Nd6 g4 38.Bh4 b4 39.cxb4 cxb4 0-1

[Event "I Open"]
[Site "Senigallia ITA"]
[Date "1996.05.21"]
[Round "4"]
[White "Bonanate, Armando"]
[Black "Mircoli, Filippo"]
[Result "1-0"]
[WhiteElo "1650"]
[BlackElo "1600"]
[PlyCount "119"]
[EventDate "1996.05.19"]

1.g4 e5 2.Bg2 d5 3.h3 Bc5 4.d3 f5 5.g5 Nc6 6.a3 a5 7.Nd2 e4 8.Nb3 Be7 9.h4
a4 10.Nd2 h6 11.gxh6 Rxh6 12.c4 Rxh4 13.cxd5 Qxd5 14.dxe4 Qf7 15.Rxh4 Bxh4
16.Ngf3 Bf6 17.Qc2 Nge7 18.exf5 Bxf5 19.e4 Be6 20.e5 Nxe5 21.Nxe5 Bxe5 22.
Nf3 Bd6 23.Ng5 Qg6 24.Qxg6+ Nxg6 25.Nxe6 Kf7 26.Bd5 Re8 27.Kf1 Rxe6 28.
Bxe6+ Kxe6 29.Bd2 Nh4 30.Re1+ Kf5 31.Bb4 c5 32.Rd1 Be7 33.Bc3 b5 34.Bxg7 
b4 35.Rd7 Ke6 36.Ra7 bxa3 37.bxa3 Nf5 38.Bc3 Kd5 39.Rxa4 c4 40.f3 Ne3+ 41.
Ke2 Bc5 42.Ra5 Nc2 43.a4 Kc6 44.Ra6+ Kd5 45.Rg6 Na3 46.Rg5+ Kc6 47.f4 Bd6 
48.Rg6 Kd5 49.Ke3 Nb1 50.Rg5+ Kc6 51.Be5 c3 52.Bxd6 c2 53.Rc5+ Kxd6 54.
Rxc2 Na3 55.Rc1 Ke6 56.Ke4 Kd6 57.f5 Ke7 58.Ke5 Kf7 59.f6 Kf8 60.Ke6 1-0

[Event "I Open"]
[Site "Senigallia ITA"]
[Date "1996.05.21"]
[Round "4"]
[White "Brumat, Giorgio"]
[Black "Luciani, Valerio"]
[Result "1/2-1/2"]
[WhiteElo "1828"]
[BlackElo "2155"]
[PlyCount "49"]
[EventDate "1996.05.19"]

1.e4 e6 2.d4 d5 3.e5 c5 4.c3 Nc6 5.Nf3 Qb6 6.Bd3 cxd4 7.cxd4 Bd7 8.O-O 
Nxd4 9.Nxd4 Qxd4 10.Nc3 Qxe5 11.Re1 Qb8 12.Nxd5 Bd6 13.Qg4 Kf8 14.Bd2 h5 
15.Qh3 Ne7 16.Ne3 Bc6 17.Bc3 Nd5 18.Nxd5 Bxd5 19.Rad1 Qd8 20.a3 Qg5 21.Be4
Bxe4 22.Rxe4 Rd8 23.Red4 Be7 24.Rxd8+ Bxd8 25.Qd3 1/2-1/2

[Event "I Open"]
[Site "Senigallia ITA"]
[Date "1996.05.21"]
[Round "4"]
[White "Cetkovic, Sergio"]
[Black "Fico, Massimiliano"]
[Result "1/2-1/2"]
[WhiteElo "1815"]
[BlackElo "2315"]
[PlyCount "22"]
[EventDate "1996.05.19"]

1.d4 d5 2.Nf3 Nc6 3.h3 Bf5 4.c3 e6 5.e3 Bd6 6.Bd3 Nge7 7.Bxf5 Nxf5 8.Nbd2 
O-O 9.e4 Nh4 10.Nxh4 Qxh4 11.e5 Be7 1/2-1/2

[Event "I Open"]
[Site "Senigallia ITA"]
[Date "1996.05.21"]
[Round "4"]
[White "Diena, Giovanni"]
[Black "Zappi, Adriano"]
[Result "1-0"]
[WhiteElo "1771"]
[BlackElo "1570"]
[PlyCount "52"]
[EventDate "1996.05.19"]

1.e4 g6 2.d4 Bg7 3.Nc3 c6 4.Nf3 d6 5.h3 Nd7 6.a4 e5 7.Bc4 h6 8.O-O Ne7 9.
Be3 O-O 10.dxe5 Nxe5 11.Nxe5 dxe5 12.Qe2 Qc7 13.Rad1 b6 14.Rd2 Bb7 15.Rfd1
Rad8 16.Qf3 Rxd2 17.Rxd2 Nc8 18.Qg4 Nd6 19.Bb3 Bc8 20.Qxg6 Ne8 21.Bxh6 Kh8
22.Bxg7+ Nxg7 23.Qh6+ Kg8 24.Rd3 Nf5 25.exf5 Bxf5 26.Rg3+ Bg6 1-0

[Event "I Open"]
[Site "Senigallia ITA"]
[Date "1996.05.21"]
[Round "4"]
[White "Drei, Andrea"]
[Black "Giacometti, Franco"]
[Result "1/2-1/2"]
[WhiteElo "2325"]
[BlackElo "1953"]
[PlyCount "170"]
[EventDate "1996.05.19"]

1.e4 c5 2.Nf3 d6 3.d4 Nf6 4.Nc3 cxd4 5.Nxd4 g6 6.Be3 Bg7 7.Be2 Nc6 8.O-O 
O-O 9.Qd2 Nxd4 10.Bxd4 Be6 11.f4 Qc8 12.Bf3 Rd8 13.Qf2 Qc4 14.b3 Qb4 15.a3
Qa5 16.b4 Qc7 17.Rad1 Bc4 18.Rfe1 Nd7 19.Be2 e5 20.fxe5 dxe5 21.Be3 Bxe2 
22.Nd5 Qxc2 23.Rd2 Qxe4 24.Bg5 f6 25.Rexe2 Qc4 26.Be3 Kf7 27.Re1 Nb6 28.
Nxb6 axb6 29.Rc2 Qe6 30.Bxb6 Rd7 31.Qe3 Ra6 32.Bc7 Rc6 33.Rxc6 Qxc6 34.Rc1
Qd5 35.Bb6 Bf8 36.h3 f5 37.Re1 e4 38.Kh1 Qe6 39.Bc5 Rd3 40.Qc1 Bxc5 41.
bxc5 Qd5 42.Qb2 Kg8 43.Qb5 Qd7 44.Qc4+ Kg7 45.a4 Ra3 46.Rb1 Rxa4 47.Qc3+ 
Qd4 48.Rxb7+ Kh6 49.Qxd4 Rxd4 50.Kg1 Rd2 51.c6 Rc2 52.c7 Kg5 53.g3 h5 54.
Kf1 h4 55.gxh4+ Kxh4 56.Ke1 Kxh3 57.Kd1 Rc6 58.Kd2 Kg4 59.Ke3 g5 60.Kd4 e3
61.Kxe3 f4+ 62.Kd4 f3 63.Kd5 Rc2 64.Rb4+ Kg3 65.Rc4 Rxc4 66.Kxc4 f2 67.
c8=Q f1=Q+ 68.Kb4 g4 69.Ka5 Qa1+ 70.Kb6 Qd4+ 71.Ka6 Kh4 72.Qe6 g3 73.Qe2 
Qd6+ 74.Kb7 Qd5+ 75.Ka7 g2 76.Qf2+ Kg4 77.Qe2+ Qf3 78.Qe6+ Kg3 79.Qg6+ Kh2
80.Qh6+ Qh3 81.Qd6+ Kh1 82.Qd5 Qg4 83.Ka8 Kh2 84.Qd6+ Kh3 85.Qd3+ Kh4 
1/2-1/2

[Event "I Open"]
[Site "Senigallia ITA"]
[Date "1996.05.21"]
[Round "4"]
[White "Efimov, Igor"]
[Black "Skembris, Spyridon"]
[Result "1/2-1/2"]
[WhiteElo "2455"]
[BlackElo "2505"]
[PlyCount "67"]
[EventDate "1996.05.19"]

1.e4 e5 2.Nf3 Nc6 3.Bb5 a6 4.Ba4 Nf6 5.O-O Be7 6.Bxc6 dxc6 7.d3 Nd7 8.Nbd2
O-O 9.b3 f6 10.Bb2 c5 11.Kh1 Rf7 12.Ng1 Nf8 13.Ne2 Bg4 14.f3 Bd7 15.f4 
exf4 16.Nxf4 Bd6 17.Nc4 Bxf4 18.Rxf4 Ng6 19.Rf2 Be6 20.Ne3 Qd7 21.Qh5 b6 
22.Raf1 a5 23.a4 Raf8 24.Rf3 Qd6 25.g4 Ne5 26.Bxe5 fxe5 27.Rxf7 Rxf7 28.
Rxf7 Bxf7 29.Qf5 Be6 30.Qf3 Qd4 31.g5 c6 32.Nf5 Bxf5 33.Qxf5 Qb2 34.Qc8+ 
1/2-1/2

[Event "I Open"]
[Site "Senigallia ITA"]
[Date "1996.05.21"]
[Round "4"]
[White "Fucito, Giovanni"]
[Black "Perini, Gianna"]
[Result "1-0"]
[WhiteElo "1512"]
[BlackElo "1537"]
[PlyCount "79"]
[EventDate "1996.05.19"]

1.e4 c5 2.Nf3 d6 3.d4 cxd4 4.Nxd4 Nf6 5.Nc3 g6 6.Bg5 Bg7 7.Qd2 O-O 8.O-O-O
Nc6 9.Nf3 Bg4 10.Be2 Bxf3 11.Bxf3 Ne5 12.Be2 Rc8 13.f4 Neg4 14.Bf3 Qa5 15.
Kb1 h6 16.Bxg4 Nxg4 17.Bxe7 Rfe8 18.Nd5 Qxd2 19.Rxd2 Rc6 20.Bh4 Rxe4 21.
Ne7+ Rxe7 22.Bxe7 Ne3 23.b3 Rb6 24.Rxd6 Rb5 25.g3 a5 26.a4 Rf5 27.Re1 Nd5 
28.Rd8+ Kh7 29.c4 Nc3+ 30.Kc2 g5 31.Bd6 gxf4 32.Bxf4 Na2 33.Rd7 Nb4+ 34.
Kb1 h5 35.Ree7 Kg6 36.Rxb7 h4 37.Rb5 Nc6 38.Rxf5 Nxe7 39.Rxa5 Nf5 40.g4 
1-0

[Event "I Open"]
[Site "Senigallia ITA"]
[Date "1996.05.21"]
[Round "4"]
[White "Guglielmi, Giuseppe"]
[Black "Nagni, Marco"]
[Result "1/2-1/2"]
[WhiteElo "1701"]
[BlackElo "1606"]
[PlyCount "112"]
[EventDate "1996.05.19"]

1.d4 d5 2.Nf3 Nf6 3.c4 e6 4.Nc3 Nbd7 5.e3 Be7 6.Bd3 dxc4 7.Bxc4 b6 8.O-O 
Bb7 9.b3 O-O 10.Bb2 Ne4 11.Ne5 Nxe5 12.dxe5 Nxc3 13.Bxc3 Qxd1 14.Rfxd1 
Rfd8 15.b4 a6 16.f3 Kf8 17.Kf2 Ke8 18.g4 Rxd1 19.Rxd1 Rd8 20.Rxd8+ Kxd8 
21.Kg3 b5 22.Bd3 h6 23.f4 c5 24.a3 c4 25.Bc2 Ke8 26.h4 g5 27.h5 Kf8 28.Bd1
Kg7 29.Bf3 Bc8 30.Bc6 f6 31.Kf3 fxe5 32.fxe5 Bd8 33.Ke4 Kf7 34.Bd4 Bc7 35.
Kf3 Ke7 36.Ke2 Kf7 37.Kd2 Ke7 38.Bc5+ Kf7 39.Bd4 Ke7 40.Kc3 Kd8 41.Kc2 Bb8
42.a4 Bd7 43.Bb7 Bc8 44.Bf3 Bd7 45.a5 Bc8 46.Bc6 Bd7 47.Bb7 Bc8 48.Bxc8 
Kxc8 49.Bc5 Bxe5 50.Bf8 Kd7 51.Bxh6 Ke7 52.Bxg5+ Kf7 53.Bf4 Bxf4 54.exf4 
Kg7 55.Kc3 Kf6 56.Kd4 Kg7 1/2-1/2

[Event "I Open"]
[Site "Senigallia ITA"]
[Date "1996.05.21"]
[Round "4"]
[White "Komarov, Dimitri"]
[Black "Drasko, Milan"]
[Result "1-0"]
[WhiteElo "2530"]
[BlackElo "2505"]
[PlyCount "76"]
[EventDate "1996.05.19"]

1.d4 Nf6 2.c4 e6 3.Nf3 Bb4+ 4.Bd2 c5 5.Bxb4 cxb4 6.g3 O-O 7.Bg2 a5 8.O-O 
d6 9.Qd3 Qe7 10.Nbd2 Na6 11.e4 Nd7 12.Ne1 e5 13.Nc2 exd4 14.Qxd4 Ndc5 15.
Rfe1 Qe5 16.Nf3 Qxd4 17.Ncxd4 Nd3 18.Re2 Bg4 19.Rc2 a4 20.Ne1 b3 21.axb3 
axb3 22.Rc3 Nxb2 23.Rb1 Na4 24.Rcxb3 N6c5 25.Re3 Ra6 26.Nb5 Rd8 27.Bf1 Kf8
28.Ng2 Bh3 29.Rd1 Rd7 30.Rd2 Rc6 31.Be2 g6 32.Ne1 Be6 33.Nf3 f6 34.Nfd4 
Ra6 35.Kg2 Ke7 36.h3 Nb6 37.Nf5+ Kd8 38.Rd4 Nc8 1-0

[Event "I Open"]
[Site "Senigallia ITA"]
[Date "1996.05.21"]
[Round "4"]
[White "Lagrotteria, Salvatore"]
[Black "Trovato, Alessio"]
[Result "1-0"]
[WhiteElo "2150"]
[BlackElo "1633"]
[PlyCount "61"]
[EventDate "1996.05.19"]

1.Nf3 Nf6 2.g3 d5 3.Bg2 e6 4.O-O c5 5.d3 Be7 6.Nbd2 O-O 7.e4 Nc6 8.Re1 
dxe4 9.dxe4 e5 10.c3 Bg4 11.h3 Be6 12.Ng5 Qc8 13.Nxe6 Qxe6 14.Qe2 Rad8 15.
Nf1 Qd7 16.Qb5 Qc7 17.Ne3 a6 18.Qe2 Bd6 19.g4 h6 20.h4 Ne7 21.g5 hxg5 22.
hxg5 Nh7 23.Qh5 f5 24.exf5 Nxf5 25.Bd5+ Kh8 26.g6 Nh6 27.gxh7 e4 28.Bxe4 
Bg3 29.fxg3 Qxg3+ 30.Ng2 Ng4 31.Qh4 1-0

[Event "I Open"]
[Site "Senigallia ITA"]
[Date "1996.05.21"]
[Round "4"]
[White "Letter, Giovanni"]
[Black "Miatello, Alberto"]
[Result "0-1"]
[WhiteElo "1600"]
[BlackElo "1794"]
[PlyCount "96"]
[EventDate "1996.05.19"]

1.b3 c5 2.Bb2 Nc6 3.f4 Nf6 4.Nf3 d5 5.e3 Bg4 6.Bb5 Ne4 7.Bxc6+ bxc6 8.d3 
Qa5+ 9.c3 Nd6 10.h3 Bxf3 11.Qxf3 f6 12.f5 g6 13.g4 Bg7 14.Nd2 O-O 15.e4 c4
16.dxc4 dxc4 17.O-O Bh6 18.Bc1 Qb6+ 19.Kh1 Bxd2 20.Bxd2 cxb3 21.axb3 Qxb3 
22.Bh6 Rf7 23.Rfb1 Qc2 24.Rb4 Nb5 25.c4 Nd4 26.Qe3 c5 27.Rb7 e5 28.Rxf7 
Kxf7 29.fxg6+ hxg6 30.Rf1 Qxc4 31.Qf2 Qe6 32.Bg5 Rh8 33.Kg2 f5 34.gxf5 
gxf5 35.exf5 Qd5+ 36.Kh2 e4 37.h4 Nf3+ 38.Kg3 Qe5+ 39.Kg4 Qh2 40.Qg3 Ne5+ 
41.Kf4 Nd3+ 42.Kg4 Qe2+ 43.Rf3 Ne5+ 44.Kf4 Qxf3+ 45.Qxf3 Nxf3 46.Kxe4 
Nxg5+ 47.hxg5 Rh4+ 48.Ke5 c4 0-1